[Event "Women's Speed Chess Q5"]
[Site "chess.com INT"]
[Date "2020.06.22"]
[Round "4"]
[White "Starosta, Martyna"]
[Black "Gokbulut, Julia"]
[Result "0-1"]
[WhiteTitle "WCM"]
[BlackTitle "WFM"]
[WhiteElo "2079"]
[BlackElo "1970"]
[WhiteFideId "21818754"]
[BlackFideId "4153979"]
[EventDate "2020.06.22"]

1. e4 c6 2. d4 d5 3. Nc3 dxe4 4. Nxe4 Bf5 5. Ng3 Bg6 6. h4 h6 7. Nf3 e6 8. h5
Bh7 9. Bd3 Bxd3 10. Qxd3 Nd7 11. Bd2 Qc7 12. O-O-O Ngf6 13. Nf1 c5 14. dxc5 Bxc5
15. Ne3 O-O 16. g4 Ne5 17. Nxe5 Qxe5 18. f4 Qe4 19. Qxe4 Nxe4 20. Rh2 Nxd2 21.
Kxd2 Rfd8+ 22. Ke2 Bxe3 23. Rxd8+ Rxd8 24. Kxe3 Kf8 25. c4 Ke7 26. b4 f6 27. a4
Rc8 28. c5 b6 29. Rc2 bxc5 30. Rxc5 Rxc5 31. bxc5 Kd7 32. Kd4 Kc6 33. Kc4 a5 34.
Kd4 Kc7 35. Kc4 Kc6 36. Kd4 Kc7 37. Kc3 Kb7 38. Kb3 Kc6 39. Kc4 e5 40. fxe5 fxe5
41. Kd3 Kxc5 42. Ke4 Kd6 43. Kf5 Kd5 44. Kg6 e4 45. Kxg7 e3 46. Kxh6 e2 47. g5
e1=Q 48. g6 Qe8 49. g7 Ke6 50. Kh7 Kf7 51. Kh6 Qg8 52. Kg5 Qxg7+ 53. Kh4 Qh6 54.
Kg4 Kf6 55. Kh4 Qf4+ 0-1

[Event "Women's Speed Chess Q5"]
[Site "chess.com INT"]
[Date "2020.06.22"]
[Round "4"]
[White "Gevorgyan, Maria"]
[Black "Kovacs, Klara"]
[Result "1-0"]
[WhiteTitle "WGM"]
[BlackTitle "WIM"]
[WhiteElo "2228"]
[BlackElo "2154"]
[WhiteFideId "13300270"]
[BlackFideId "733210"]
[EventDate "2020.06.22"]

1. e4 e6 2. d4 d5 3. Bd3 dxe4 4. Bxe4 Nf6 5. Bf3 Nbd7 6. Ne2 c5 7. Be3 Qc7 8.
Nbc3 cxd4 9. Nxd4 Bb4 10. Nb5 Qd8 11. Nd6+ Bxd6 12. Qxd6 Qe7 13. Nb5 Qxd6 14.
Nxd6+ Ke7 15. O-O-O Rd8 16. Rhe1 Kf8 17. Nxc8 Raxc8 18. Bxb7 Rc7 19. Bf3 Rdc8
20. c3 a5 21. Bf4 Rc4 22. Bd6+ Kg8 23. Bb7 Re8 24. Kc2 g6 25. f3 Kg7 26. g4 h6
27. Ba6 Rc6 28. Bb5 Rb6 29. a4 Rc8 30. h4 g5 31. hxg5 hxg5 32. f4 gxf4 33. g5
Nd5 34. Bxd7 Rd8 35. Be5+ Kg6 36. Bb5 Ne3+ 37. Rxe3 Rxd1 38. Kxd1 fxe3 39. Bf6
Rd6+ 40. Ke2 Rd2+ 41. Kxe3 Rxb2 42. c4 Rb3+ 43. Kd4 Rb1 44. c5 Rd1+ 45. Ke4 Rc1
46. c6 Kh5 47. Ke5 Kg4 48. Kd6 1-0

[Event "Women's Speed Chess Q5"]
[Site "chess.com INT"]
[Date "2020.06.22"]
[Round "4"]
[White "Berend, Elvira"]
[Black "Diakonova, Ekaterina"]
[Result "0-1"]
[WhiteTitle "WGM"]
[WhiteElo "2326"]
[BlackElo "2209"]
[WhiteFideId "4000510"]
[BlackFideId "24172936"]
[EventDate "2020.06.22"]

1. d4 d5 2. c4 c6 3. Nf3 Nf6 4. e3 e6 5. Be2 dxc4 6. Bxc4 Nbd7 7. O-O Be7 8. b3
O-O 9. Bb2 b6 10. Qe2 c5 11. Rd1 Qc7 12. Nc3 a6 13. d5 exd5 14. Nxd5 Nxd5 15.
Bxd5 Bb7 16. e4 Rfe8 17. e5 Bf8 18. Bxb7 Qxb7 19. Ng5 h6 20. Nf3 Qc6 21. Rd2 Be7
22. Rad1 Nf8 23. Qc4 b5 24. Qg4 Ne6 25. h4 a5 26. Rc1 a4 27. Rdc2 axb3 28. axb3
Qd5 29. b4 c4 30. Bc3 Ra3 31. Rd2 Qc6 32. Nd4 Nxd4 33. Rxd4 Qe6 34. Qe4 Rb3 35.
Qb7 Bxb4 36. Bxb4 Rxb4 37. Rcd1 Qxe5 38. Rd5 Qe4 39. Qb6 Rb1 40. Rxb1 Qxb1+ 41.
Kh2 b4 42. Qb5 Qe4 43. Rf5 Qxh4+ 0-1

[Event "Women's Speed Chess Q5"]
[Site "chess.com INT"]
[Date "2020.06.22"]
[Round "4"]
[White "Voit, Daria"]
[Black "Zhuravleva, Olga"]
[Result "1-0"]
[WhiteTitle "WGM"]
[BlackTitle "WIM"]
[WhiteElo "2343"]
[BlackElo "2278"]
[WhiteFideId "4182146"]
[BlackFideId "4145933"]
[EventDate "2020.06.22"]

1. d4 Nf6 2. Nf3 e6 3. c4 b6 4. g3 Bb7 5. Bg2 Bb4+ 6. Bd2 c5 7. O-O O-O 8. Bf4
cxd4 9. Qxd4 Nc6 10. Qd1 Be7 11. Nc3 a6 12. Bd6 Bxd6 13. Qxd6 Ne8 14. Qd3 Qc7
15. Rfd1 d6 16. Ng5 g6 17. Rac1 Ne5 18. Qd4 Bxg2 19. Kxg2 Qxc4 20. Qxb6 h6 21.
Nf3 Nxf3 22. exf3 d5 23. Nxd5 Qxa2 24. Qb7 Ng7 25. Nf6+ Kh8 26. Rc7 e5 27. Rdd7
Rfb8 28. Qd5 Qxd5 29. Rxd5 Rxb2 30. Rxf7 a5 31. Rdd7 Rg8 32. Nxg8 Kxg8 33. Rxg7+
Kf8 34. Rh7 Kg8 35. Rxh6 a4 36. Rxg6+ Kf8 37. Ra6 Ke8 38. Rh7 1-0

[Event "Women's Speed Chess Q5"]
[Site "chess.com INT"]
[Date "2020.06.22"]
[Round "4"]
[White "Goh, Jie Yi"]
[Black "Mikheeva, Galina"]
[Result "1-0"]
[WhiteTitle "WCM"]
[BlackTitle "WFM"]
[WhiteElo "1743"]
[BlackElo "1901"]
[WhiteFideId "5710049"]
[BlackFideId "44108320"]
[EventDate "2020.06.22"]

1. d4 Nf6 2. Bf4 e6 3. e3 c5 4. c3 Nc6 5. Nf3 b6 6. Bd3 Bb7 7. Nbd2 d6 8. O-O
Be7 9. h3 O-O 10. Qe2 a6 11. Rad1 d5 12. Ne5 c4 13. Bc2 b5 14. Rfe1 Bd6 15. Qf3
Qc7 16. Qg3 Rad8 17. Ng4 Nh5 18. Qh4 Bxf4 19. Qxh5 g6 20. Qh4 Bd6 21. Nf6+ Kg7
22. e4 h5 23. e5 Be7 24. Nf3 Rh8 25. Ng5 Rdf8 26. Re3 Qd8 27. Bxg6 fxg6 28.
Nxe6+ Kh6 29. Nxd8 Rxd8 30. Qf4+ Kg7 31. Rg3 Rdf8 32. Qg5 Bxf6 33. Qxg6# 1-0

[Event "Women's Speed Chess Q5"]
[Site "chess.com INT"]
[Date "2020.06.22"]
[Round "4"]
[White "Shvedova, Alexandra"]
[Black "Karnaukhova, Elmira"]
[Result "1-0"]
[WhiteTitle "WFM"]
[BlackTitle "WGM"]
[WhiteElo "1994"]
[BlackElo "2319"]
[WhiteFideId "54154782"]
[BlackFideId "4148827"]
[EventDate "2020.06.22"]

1. e4 c5 2. Nf3 d6 3. d4 cxd4 4. Nxd4 Nf6 5. Nc3 a6 6. Be3 e5 7. Nf3 Be7 8. Bc4
Qc7 9. Bb3 O-O 10. O-O Nc6 11. Bg5 Be6 12. Qe2 Na5 13. Rfd1 Nxb3 14. axb3 Rac8
15. Nd2 Rfd8 16. Nf1 h6 17. Bxf6 Bxf6 18. Ne3 Bg5 19. Ned5 Qc5 20. g3 Bh3 21.
Qh5 Be6 22. h4 Bxd5 23. Rxd5 g6 24. Qf3 Qc6 25. hxg5 hxg5 26. Qf6 Qd7 27. Kg2
Qe6 28. Qxg5 Kg7 29. Rh1 Rh8 30. Rdd1 b5 31. Nd5 f6 32. Qd2 Qg4 33. f3 Qe6 34.
Nb6 Rb8 35. Qxd6 Rxb6 36. Qc7+ 1-0

[Event "Women's Speed Chess Q5"]
[Site "chess.com INT"]
[Date "2020.06.22"]
[Round "4"]
[White "Afraoui, Anaelle"]
[Black "Ovezdurdiyeva, Jemal"]
[Result "1-0"]
[WhiteTitle "WFM"]
[BlackTitle "WFM"]
[WhiteElo "2120"]
[BlackElo "2061"]
[WhiteFideId "20654383"]
[BlackFideId "14001888"]
[EventDate "2020.06.22"]

1. e4 c5 2. Nf3 d6 3. d4 cxd4 4. Nxd4 Nf6 5. Nc3 a6 6. g3 e5 7. Nb3 Be6 8. a4
Be7 9. Bg2 O-O 10. O-O Nc6 11. Qe2 Rc8 12. Be3 Qc7 13. Nd2 Na5 14. Rfd1 Rfd8 15.
Bg5 h6 16. Bxf6 Bxf6 17. h4 Qc5 18. Rac1 Qb4 19. Rb1 Rc7 20. Nf1 Nc4 21. Nd5
Bxd5 22. Rxd5 Nb6 23. Rd3 Qxa4 24. Ne3 Qb5 25. b3 Be7 26. Rbd1 g6 27. Qd2 Rdc8
28. c4 Qe8 29. Ng4 h5 30. Ne3 Bf8 31. Bh3 Rb8 32. Kh2 Nd7 33. Nd5 Rc6 34. Bxd7
Qe7 35. Bxc6 bxc6 36. Ne3 1-0

[Event "Women's Speed Chess Q5"]
[Site "chess.com INT"]
[Date "2020.06.22"]
[Round "4"]
[White "Sharma, Isha"]
[Black "Khomeriki, Nino"]
[Result "1-0"]
[WhiteTitle "WIM"]
[BlackTitle "WGM"]
[WhiteElo "2276"]
[BlackElo "2319"]
[WhiteFideId "35006665"]
[BlackFideId "13603191"]
[EventDate "2020.06.22"]

1. e4 e5 2. Nf3 Nc6 3. Bc4 Nf6 4. d3 Be7 5. O-O O-O 6. Re1 d6 7. a4 Kh8 8. Nc3
Ng8 9. Nd5 f5 10. c3 Bf6 11. a5 a6 12. b4 Nce7 13. Nxf6 Rxf6 14. d4 fxe4 15. Ng5
d5 16. dxe5 Rf5 17. Rxe4 Nh6 18. Rd4 Rxe5 19. Bd3 Nc6 20. Nf3 Rh5 21. Rf4 Bg4
22. h3 Bd7 23. Bc2 Qe7 24. Be3 Rf8 25. Rxf8+ Qxf8 26. Ng5 Nf5 27. Qxh5 h6 28.
Nf7+ Kg8 29. Bxf5 Bxf5 30. Qxf5 Ne7 31. Qe6 Kh7 32. Bd4 1-0

[Event "Women's Speed Chess Q5"]
[Site "chess.com INT"]
[Date "2020.06.22"]
[Round "4"]
[White "Mahalakshmi, M"]
[Black "Shukhman, Anna"]
[Result "0-1"]
[WhiteTitle "WIM"]
[BlackTitle "WCM"]
[WhiteElo "2253"]
[BlackElo "1866"]
[WhiteFideId "5001080"]
[BlackFideId "54180058"]
[EventDate "2020.06.22"]

1. d4 Nf6 2. Bf4 g6 3. e3 Bg7 4. Nd2 O-O 5. Ngf3 d6 6. h3 Nbd7 7. a4 e5 8. dxe5
Nh5 9. Bg5 Qe8 10. g4 h6 11. gxh5 hxg5 12. hxg6 Nxe5 13. gxf7+ Qxf7 14. Be2 g4
15. hxg4 Bxg4 16. Bd3 Nxd3+ 17. cxd3 Bxf3 18. Nxf3 Qxf3 19. Qb3+ Rf7 20. Rh2 Re8
21. Kd2 Qf6 22. Rg1 c6 23. Rhg2 Kf8 24. d4 c5 25. Rg4 Qxf2+ 26. Kc1 Rxe3 27. Qd5
Re1+ 28. Rxe1 Qxe1+ 29. Kc2 Qe2+ 30. Kb3 Qxg4 31. Qxd6+ Kg8 32. Qd8+ Kh7 33. Qd5
Rf3+ 34. Ka2 Qf5 35. Qd8 Qf7+ 36. d5 Rf2 37. Qh4+ Kg8 38. Qd8+ Qf8 39. Ka3 0-1

[Event "Women's Speed Chess Q5"]
[Site "chess.com INT"]
[Date "2020.06.22"]
[Round "4"]
[White "Gunina, Valentina"]
[Black "Belenkaya, Dina"]
[Result "0-1"]
[WhiteTitle "GM"]
[BlackTitle "WGM"]
[WhiteElo "2431"]
[BlackElo "2297"]
[WhiteFideId "4167570"]
[BlackFideId "24142654"]
[EventDate "2020.06.22"]

1. e4 d5 2. exd5 Qxd5 3. Nc3 Qa5 4. Nf3 Nf6 5. Bc4 c6 6. O-O Bf5 7. d4 e6 8. Re1
Be7 9. Ne5 O-O 10. Bd2 Qb6 11. g4 Bg6 12. Nxg6 hxg6 13. Bf4 Rd8 14. Be5 c5 15.
Nb5 Na6 16. c3 cxd4 17. cxd4 Rac8 18. Bf1 Nb4 19. Nc3 Nc6 20. g5 Nxe5 21. gxf6
gxf6 22. d5 Bc5 23. Ne4 exd5 24. Nxc5 Qxc5 25. Qb3 d4 26. Rad1 b6 27. Bg2 d3 28.
Re4 Qc2 29. f4 Qxb3 30. axb3 Nc6 31. Bf1 d2 32. Kf2 f5 33. Rc4 Nd4 34. Rxc8 Rxc8
35. Rxd2 Nxb3 36. Ba6 Nxd2 37. Bxc8 Ne4+ 0-1

[Event "Women's Speed Chess Q5"]
[Site "chess.com INT"]
[Date "2020.06.22"]
[Round "4"]
[White "Sukandar, Irine Kharisma"]
[Black "Kubicka, Anna"]
[Result "0-1"]
[WhiteTitle "IM"]
[BlackTitle "WIM"]
[WhiteElo "2413"]
[BlackElo "2256"]
[WhiteFideId "7101937"]
[BlackFideId "1152254"]
[EventDate "2020.06.22"]

1. d4 Nf6 2. Bf4 g6 3. Nc3 Bg7 4. e4 O-O 5. Qd2 d6 6. O-O-O Nbd7 7. Bh6 c5 8.
Bxg7 Kxg7 9. dxc5 Nxc5 10. e5 Ng4 11. f4 Qa5 12. h3 Nh6 13. exd6 exd6 14. g4 Be6
15. f5 Nxf5 16. gxf5 Bxf5 17. Nf3 Rac8 18. Nd4 Be6 19. Nxe6+ Nxe6 20. Bg2 b5 21.
Kb1 b4 22. Ne4 Rc6 23. Nxd6 Ra6 24. a3 bxa3 25. Qxa5 Rxa5 26. b3 Rb8 27. Ka2 Nf4
28. Bf3 Rc5 29. Nc4 a5 30. Nxa3 a4 31. bxa4 Rc3 32. Be4 Rb4 33. Nb5 Rxa4+ 34.
Kb2 Rcc4 35. Nc3 Rab4+ 36. Ka3 Rb8 0-1

[Event "Women's Speed Chess Q5"]
[Site "chess.com INT"]
[Date "2020.06.22"]
[Round "4"]
[White "Zhukova, Natalia"]
[Black "Zimina, Olga"]
[Result "1/2-1/2"]
[WhiteTitle "GM"]
[BlackTitle "IM"]
[WhiteElo "2328"]
[BlackElo "2378"]
[WhiteFideId "14101513"]
[BlackFideId "4132190"]
[EventDate "2020.06.22"]

1. c4 c6 2. e4 d5 3. exd5 cxd5 4. d4 Nf6 5. Nc3 g6 6. Nf3 Bg7 7. cxd5 Nxd5 8.
Bc4 Nb6 9. Bb3 O-O 10. O-O Nc6 11. d5 Na5 12. Re1 Bg4 13. h3 Bxf3 14. Qxf3 Re8
15. Bg5 Nxb3 16. axb3 Bxc3 17. bxc3 Qxd5 18. Qxd5 Nxd5 19. c4 f6 20. cxd5 fxg5
21. Re5 h6 22. Rae1 Kf7 23. R1e3 Rad8 24. g3 Rd6 25. Kg2 Kf6 26. f4 gxf4 27.
gxf4 Rd7 28. h4 Red8 29. Kg3 Rxd5 30. Re6+ Kf7 31. Rxe7+ Kf6 32. Rxb7 Rd3 33.
Kf3 Rxe3+ 34. Kxe3 a5 35. Rb6+ Kf7 36. Ra6 Rb8 37. Rxa5 Rxb3+ 38. Ke4 Rb1 39. h5
gxh5 40. Rxh5 Kg6 41. Ra5 Re1+ 42. Kf3 Rf1+ 43. Kg3 Rg1+ 44. Kf3 Rf1+ 45. Kg3
Rg1+ 46. Kf3 Rf1+ 1/2-1/2

[Event "Women's Speed Chess Q5"]
[Site "chess.com INT"]
[Date "2020.06.22"]
[Round "4"]
[White "Enkhtuul, Altan-Ulzii"]
[Black "Meenakshi, Subbaraman"]
[Result "1-0"]
[WhiteTitle "WGM"]
[BlackTitle "WGM"]
[WhiteElo "2228"]
[BlackElo "2171"]
[WhiteFideId "4901444"]
[BlackFideId "5004381"]
[EventDate "2020.06.22"]

1. e4 d6 2. d4 e5 3. dxe5 dxe5 4. Qxd8+ Kxd8 5. Bc4 f6 6. Nf3 c6 7. Be3 Kc7 8.
Nbd2 Nd7 9. O-O-O Bc5 10. Bxc5 Nxc5 11. Rhe1 Ne7 12. h3 Be6 13. Bxe6 Nxe6 14.
Nf1 Rad8 15. Ne3 Nf4 16. h4 Rxd1+ 17. Rxd1 Rg8 18. g3 Ne6 19. b4 a5 20. a3 axb4
21. axb4 Ra8 22. Kb2 Ra4 23. Kb3 b5 24. c3 Ra8 25. Nf5 Nxf5 26. exf5 Nf8 27. g4
Nd7 28. Nd2 Nb6 29. Ne4 Nc4 30. Nc5 Ra3+ 31. Kc2 Ra2+ 32. Kb1 Rb2+ 33. Kc1 Rxf2
34. Rd7+ Kc8 35. Rxg7 Rf1+ 36. Kc2 Rf2+ 37. Kd3 Rf3+ 38. Ke2 Re3+ 39. Kf2 e4 40.
Re7 Rf3+ 41. Ke2 Re3+ 42. Kf2 Rf3+ 43. Kg2 Rxc3 44. Nxe4 Ne3+ 45. Kg1 Rc1+ 46.
Kf2 Nxg4+ 47. Kg3 Rg1+ 48. Kf3 Ne5+ 49. Kf4 Rf1+ 50. Kg3 Rxf5 51. Nd6+ Kd8 52.
Nxf5 Nd3 53. Rxh7 Nxb4 54. h5 Nd5 55. h6 b4 56. Rb7 Kc8 57. Nd6+ Kd8 58. h7 1-0

[Event "Women's Speed Chess Q5"]
[Site "chess.com INT"]
[Date "2020.06.22"]
[Round "4"]
[White "Ilyuchyk, Yana"]
[Black "Zakirova, Aisha"]
[Result "0-1"]
[WhiteTitle "WFM"]
[BlackTitle "WCM"]
[WhiteElo "2119"]
[BlackElo "1585"]
[WhiteFideId "13508407"]
[BlackFideId "13719734"]
[EventDate "2020.06.22"]

1. e4 c5 2. Nf3 d6 3. d4 cxd4 4. Nxd4 Nf6 5. Nc3 Nc6 6. Bg5 e6 7. Qd2 a6 8.
O-O-O Bd7 9. f4 h6 10. Bxf6 Qxf6 11. Nf3 Qd8 12. Kb1 Be7 13. h4 b5 14. g4 b4 15.
Ne2 a5 16. Ned4 Nxd4 17. Qxd4 O-O 18. g5 h5 19. f5 exf5 20. e5 Bc6 21. Qf4 dxe5
22. Rxd8 exf4 23. Rxa8 Rxa8 24. Be2 Rd8 25. Re1 f6 26. b3 fxg5 27. hxg5 Bxf3 28.
Bxf3 Bxg5 29. Bxh5 Kh7 30. Bf7 Rd2 31. Rh1+ Bh6 32. Rg1 f3 33. Bg6+ Kg8 34. Bxf5
f2 35. Rf1 Re2 36. Bd3 Re1+ 37. Kb2 Be3 38. c3 bxc3+ 39. Kxc3 g5 40. a3 g4 41.
b4 axb4+ 42. axb4 g3 43. Bc4+ Kf8 44. b5 g2 45. Rxe1 fxe1=Q+ 0-1

[Event "Women's Speed Chess Q5"]
[Site "chess.com INT"]
[Date "2020.06.22"]
[Round "4"]
[White "Zavivaeva, Evelina"]
[Black "Matveeva, Olga"]
[Result "0-1"]
[WhiteTitle "WCM"]
[BlackTitle "WIM"]
[WhiteElo "1619"]
[BlackElo "2171"]
[WhiteFideId "44127839"]
[BlackFideId "24107018"]
[EventDate "2020.06.22"]

1. e4 e6 2. d4 d5 3. exd5 exd5 4. Bd3 Bd6 5. Nf3 Ne7 6. O-O O-O 7. Bg5 h6 8. Bh4
c6 9. c3 Qc7 10. Bg3 Bxg3 11. hxg3 Bg4 12. Nbd2 Nd7 13. Qc2 Rae8 14. Rfe1 Nc8
15. Bf5 Bxf5 16. Qxf5 Nd6 17. Qc2 Nf6 18. Ne5 Nde4 19. Nxe4 Nxe4 20. Nd3 Qd6 21.
Rad1 Re7 22. b4 Rfe8 23. Kf1 Qf6 24. Kg1 Qg5 25. Nc5 Nxc5 26. Rxe7 Qxe7 27. dxc5
Qe2 28. Qxe2 Rxe2 29. a3 Ra2 30. Re1 Kf8 31. Re3 Rxa3 32. Kf1 a5 33. Ke2 axb4
34. cxb4 Rxe3+ 35. Kxe3 Ke7 36. Kd4 Ke6 37. g4 f5 38. gxf5+ Kxf5 39. f3 Kf4 40.
b5 Kg3 41. bxc6 bxc6 42. Ke5 Kxg2 43. f4 h5 44. Kd6 d4 45. Kxc6 d3 46. Kb7 d2
47. c6 d1=Q 48. c7 Qb3+ 49. Kc6 Qc4+ 50. Kd7 Qd5+ 51. Ke7 Qc6 52. Kd8 Qd6+ 53.
Kc8 Qxf4 54. Kb7 Qb4+ 55. Kc6 Qc4+ 56. Kd7 Qd5+ 57. Kc8 h4 58. Kb8 Qb5+ 59. Kc8 0-1

[Event "Women's Speed Chess Q5"]
[Site "chess.com INT"]
[Date "2020.06.22"]
[Round "4"]
[White "Nguyen, Thi Mai Hung"]
[Black "Yu, Jennifer"]
[Result "1-0"]
[WhiteTitle "WGM"]
[BlackTitle "FM"]
[WhiteElo "2258"]
[BlackElo "2315"]
[WhiteFideId "12401676"]
[BlackFideId "2078341"]
[EventDate "2020.06.22"]

1. d4 d5 2. Nf3 Nf6 3. Bf4 e6 4. e3 Bd6 5. Bg3 c5 6. c3 Qc7 7. Nbd2 b6 8. Bd3
Nbd7 9. e4 dxe4 10. Nxe4 Bxg3 11. hxg3 Bb7 12. Nxf6+ Nxf6 13. Bb5+ Bc6 14. Qa4
Bxb5 15. Qxb5+ Qd7 16. Qxd7+ Nxd7 17. O-O-O O-O-O 18. Ng5 Rdf8 19. Nxh7 Re8 20.
Ng5 Rxh1 21. Rxh1 f6 22. Nf3 cxd4 23. Nxd4 Kc7 24. Rh7 Re7 25. g4 Ne5 26. f3
Nd3+ 27. Kb1 Kb7 28. Nc2 Rd7 29. Ne3 Kc6 30. Kc2 Ne1+ 31. Kb3 Rd3 32. Nc2 Nxc2
33. Kxc2 Rd7 34. c4 Kc5 35. Kc3 a5 36. a3 a4 37. Rh8 Rc7 38. Ra8 Rd7 39. Rxa4
Rd1 40. b4+ Kc6 41. Ra7 Rg1 42. Rxg7 Rxg2 43. Rf7 f5 44. gxf5 e5 45. Re7 Kd6 46.
Re6+ Kc7 47. Rxe5 Rf2 48. Re3 Kd6 49. f6 1-0

[Event "Women's Speed Chess Q5"]
[Site "chess.com INT"]
[Date "2020.06.22"]
[Round "4"]
[White "Swati, Mohota"]
[Black "Zvereva, Margarita"]
[Result "1-0"]
[WhiteTitle "WFM"]
[BlackTitle "WFM"]
[WhiteElo "2027"]
[BlackElo "1929"]
[WhiteFideId "5006511"]
[BlackFideId "34177741"]
[EventDate "2020.06.22"]

1. d4 d5 2. Nf3 Nf6 3. c4 e6 4. Nc3 Nbd7 5. Bg5 Be7 6. e3 h6 7. Bh4 O-O 8. Qc2
a6 9. Rd1 dxc4 10. Bxc4 b5 11. Be2 Bb7 12. O-O Rc8 13. Ne5 Nd5 14. Bxe7 Nxe7 15.
Bf3 Bxf3 16. Nxf3 Nd5 17. Nxd5 exd5 18. Qc6 Nb6 19. Ne5 Qe8 20. Rc1 f6 21. Qxe8
Rfxe8 22. Nd3 Nc4 23. b3 Nd2 24. Rfd1 Ne4 25. Nb4 c5 26. dxc5 Nxc5 27. Nxd5 Kf7
28. b4 Ne4 29. Nc7 Re7 30. Nxa6 Rxc1 31. Rxc1 Ra7 32. Rc7+ Rxc7 33. Nxc7 Nc3 34.
a3 Ke7 35. f3 Kd7 36. Na6 Nb1 37. Nc5+ 1-0

[Event "Women's Speed Chess Q5"]
[Site "chess.com INT"]
[Date "2020.06.22"]
[Round "4"]
[White "Cholleti, Sahajasri"]
[Black "Sebag, Marie"]
[Result "0-1"]
[WhiteTitle "WIM"]
[BlackTitle "GM"]
[WhiteElo "2235"]
[BlackElo "2438"]
[WhiteFideId "5045118"]
[BlackFideId "617822"]
[EventDate "2020.06.22"]

1. d4 d5 2. Bf4 Nf6 3. Nc3 c6 4. e3 Nbd7 5. Bd3 g6 6. h3 Bg7 7. Nf3 O-O 8. O-O
Re8 9. Bh2 b6 10. a4 Bb7 11. Re1 c5 12. dxc5 Nxc5 13. Bb5 Rf8 14. Nd4 Rc8 15. a5
a6 16. Be2 b5 17. Bf3 Nfe4 18. Bxe4 dxe4 19. Nce2 e5 20. Nb3 Nxb3 21. cxb3 Qd3
22. Nc3 Rfd8 23. Qe2 f5 24. Rad1 Qxe2 25. Nxe2 Bf6 26. Nc3 Kf7 27. b4 Ke6 28. g4
Be7 29. gxf5+ gxf5 30. Na2 Bd5 31. Nc3 Bb3 32. Rxd8 Rxd8 33. Rc1 Bxb4 34. Ne2
Bc4 35. Ng3 Bxa5 36. Kh1 Bd2 37. Rd1 Bb3 38. Ra1 a5 39. Nh5 Rd7 40. Ng3 a4 41.
Nh5 b4 42. Ng3 Ra7 43. Rg1 a3 44. Nh5 axb2 0-1

[Event "Women's Speed Chess Q5"]
[Site "chess.com INT"]
[Date "2020.06.22"]
[Round "4"]
[White "Dzagnidze, Nana"]
[Black "Klinova, Masha"]
[Result "1-0"]
[WhiteTitle "GM"]
[BlackTitle "IM"]
[WhiteElo "2524"]
[BlackElo "2275"]
[WhiteFideId "13601903"]
[BlackFideId "2802015"]
[EventDate "2020.06.22"]

1. c4 e5 2. Nc3 Nc6 3. Nf3 g6 4. g3 Bg7 5. Bg2 d6 6. d3 f5 7. O-O Nf6 8. Rb1 O-O
9. b4 h6 10. b5 Ne7 11. Nd2 g5 12. Qb3 Kh7 13. Qc2 Ng6 14. Bb2 Rb8 15. Nd5 Be6
16. e3 Qd7 17. Nxf6+ Rxf6 18. d4 Rff8 19. dxe5 Nxe5 20. f4 Ng4 21. Rbe1 b6 22.
e4 Bxb2 23. Qxb2 Qg7 24. Qxg7+ Kxg7 25. h3 Nf6 26. fxg5 Nxe4 27. gxh6+ Kxh6 28.
Bxe4 fxe4 29. Rxf8 Rxf8 30. Rxe4 Bf5 31. Rf4 Kg7 32. g4 Bd3 33. Rxf8 Kxf8 34.
Kf2 Kg7 35. Ke3 Bc2 36. h4 Kf6 37. Kf4 Bd3 38. h5 Kg7 39. g5 Kh7 40. a3 Kg7 41.
Kg4 Kh7 42. Kh4 Be2 43. Ne4 Bxc4 44. Nf6+ Kg7 45. h6+ Kg6 46. h7 Kg7 47. g6 Bxb5
48. Kg5 Bc4 49. Nh5+ Kh8 50. Kh6 1-0

[Event "Women's Speed Chess Q5"]
[Site "chess.com INT"]
[Date "2020.06.22"]
[Round "4"]
[White "Bogumil, Tatiana"]
[Black "Franco Valencia, Angela"]
[Result "0-1"]
[WhiteTitle "WGM"]
[BlackTitle "WIM"]
[WhiteElo "2182"]
[BlackElo "2089"]
[WhiteFideId "4110579"]
[BlackFideId "4403070"]
[EventDate "2020.06.22"]

1. Nf3 d6 2. d4 f5 3. c4 Nf6 4. Nc3 g6 5. g3 Bg7 6. Bg2 O-O 7. O-O Nc6 8. d5 Ne5
9. Qb3 Kh8 10. Nd4 Bd7 11. f4 Neg4 12. Nf3 Rb8 13. h3 Nh6 14. Be3 Nh5 15. Kh2 e5
16. dxe6 Bxe6 17. Bd4 b6 18. Bxg7+ Kxg7 19. Ng5 Bg8 20. e4 Nf6 21. Rad1 fxe4 22.
Ncxe4 Nf5 23. Qc3 h6 24. Nf3 Kh7 25. Nxf6+ Qxf6 26. Qxf6 Rxf6 27. Rfe1 Bxc4 28.
b3 Bg8 29. g4 Ng7 30. Re7 Rf7 31. Rxf7 Bxf7 32. Rc1 c5 33. Rd1 Rd8 34. Ne5 Be8
35. Be4 Ne6 36. Nc4 Nxf4 37. Rxd6 Rxd6 38. Nxd6 Bd7 39. Kg3 Ne6 40. h4 Kg7 41.
Kf3 Nd4+ 42. Kf4 Kf6 43. Nc4 Ne2+ 44. Kf3 Nc3 45. Bb7 Nxa2 46. Kf4 Nc1 47. g5+
hxg5+ 48. hxg5+ Kg7 49. Ne5 Be6 50. Be4 Nxb3 51. Bxg6 a5 52. Be4 a4 0-1

[Event "Women's Speed Chess Q5"]
[Site "chess.com INT"]
[Date "2020.06.22"]
[Round "4"]
[White "Nithyalakshmi, Sivanesan"]
[Black "Petrova, Irina"]
[Result "1-0"]
[WhiteTitle "WCM"]
[BlackTitle "WIM"]
[WhiteElo "1945"]
[BlackElo "2087"]
[WhiteFideId "5706955"]
[BlackFideId "14124122"]
[EventDate "2020.06.22"]

1. d4 d5 2. c4 c6 3. Nf3 Nf6 4. Nc3 e6 5. Bg5 h6 6. Bxf6 Qxf6 7. e3 Qd8 8. Qc2
Nd7 9. Bd3 Nf6 10. O-O Be7 11. a3 O-O 12. b4 b6 13. cxd5 cxd5 14. Nb5 Ba6 15.
Ne5 Rc8 16. Nc6 Qd7 17. Rfc1 Ne4 18. Nbxa7 Bxd3 19. Qxd3 Ra8 20. Nxe7+ Qxe7 21.
Nb5 Qf6 22. f3 Ng5 23. Rc6 Rfc8 24. Rac1 Rxc6 25. Rxc6 Qd8 26. Rd6 Qc8 27. Rxb6
Qc1+ 28. Kf2 Qb2+ 29. Qe2 Qb3 30. Rc6 Rb8 31. Rc5 Nh7 32. h4 Nf6 33. Kg3 Qb1 34.
Nd6 Qg6+ 35. Kh2 Qh5 36. g3 Qg6 37. Kg2 Nh5 38. g4 f5 39. Qc2 Nf6 40. Rc8+ Rxc8
41. Qxc8+ Kh7 42. Qxe6 fxg4 43. Qf5 gxf3+ 44. Kxf3 Qxf5+ 45. Nxf5 Kg6 46. Nd6
Nd7 47. a4 Kf6 48. a5 Ke6 49. Nb7 Nb8 50. b5 Kd7 51. Nc5+ Kd6 52. a6 Kc7 53. a7 1-0

[Event "Women's Speed Chess Q5"]
[Site "chess.com INT"]
[Date "2020.06.22"]
[Round "4"]
[White "Sedina, Elena"]
[Black "Martynyuk, Elizaveta"]
[Result "0-1"]
[WhiteTitle "IM"]
[BlackTitle "FM"]
[WhiteElo "2299"]
[BlackElo "2041"]
[WhiteFideId "812153"]
[BlackFideId "24128511"]
[EventDate "2020.06.22"]

1. e4 c5 2. Nf3 Nc6 3. Bb5 d6 4. O-O Bd7 5. c3 a6 6. Bxc6 Bxc6 7. Re1 Nf6 8. d4
Bxe4 9. Bg5 Bxb1 10. Rxb1 e6 11. d5 h6 12. Bh4 g5 13. Bg3 Qd7 14. h4 g4 15. Nh2
h5 16. Bf4 e5 17. Nf1 Be7 18. Bg5 Qf5 19. Ng3 Qg6 20. b4 cxb4 21. Rxb4 b5 22. a4
O-O 23. axb5 axb5 24. Rxb5 Ra2 25. Rb7 Re8 26. Qb3 Qc2 27. Qxc2 Rxc2 28. Rxe7
Rxe7 29. Bxf6 Ra7 30. Ne4 Ra5 31. Bg5 Kg7 32. Nxd6 Rxc3 33. Nf5+ Kg6 34. Ne7+
Kg7 35. d6 Rd3 36. Nc8 Rc5 37. Ne7 f6 38. Be3 Rc2 39. Rb1 Kf7 40. Rb7 Ke6 41.
Ng6 g3 0-1